| 000 | 00851nam a2200229 a 4500 | ||
|---|---|---|---|
| 005 | 20230602063824.0 | ||
| 008 | 991125s1996 mx 000 0 spa u | ||
| 035 | _aUPN01000003970 | ||
| 049 | _aTES | ||
| 099 | _a14733 | ||
| 100 | 1 | _aLozano Domínguez, Armando | |
| 245 | 1 | 3 |
_aEl aprendizaje a partir de las relaciones humanas / _cArmando Lozano Domínguez, Israel Hernández Valdez. |
| 260 |
_aPiedras Negras, Coah. : _bA. Lozano Domínguez, _c1996. |
||
| 300 | _a72 h. | ||
| 500 | _a"Unidad 05C" | ||
| 502 | _aTesis (Lic. en Educación Primaria) -- Universidad Pedagógica Nacional, 1996 | ||
| 650 | 4 |
_aCivismo _xEstudio y enseñanza (Elemental) _92807 |
|
| 650 | 4 |
_aSocialización del niño _93953 |
|
| 700 | 1 |
_aHernández Valdez, Israel, _ecoaut. |
|
| 710 | 2 |
_aUniversidad Pedagógica Nacional (México). _bUnidad 05C _928323 |
|
| 905 | _aTesis | ||
| 999 |
_c3970 _d3970 |
||